Statistiques concernant Tous les (mini-)boss de Zelda Twilight Princess

Cliquez ici pour prendre le quiz!

Statistiques générales

  • Ce quiz a été pris 45 fois
  • Le résultat moyen est 3 sur 20

Statistiques - réponses

DonjonBoss% Correct
Temple SylvestreAlpha
74%
Temple du TempsDarknut
22%
Temple SylvestreDionéa, Mauvaise Herbe du Crépuscule
22%
Château d'HyruleGanondorf, Seigneur du Mal
22%
Palais du CrépusculeXanto, Usurpateur
22%
Tour du JugementHumbaba, Antique Terreur Ressuscitée
19%
Ruines des Pics-BlancsBlizzarnia, Masse Glacée du Crépuscule
15%
Mine GoronDangoross
15%
Palais du CrépusculeFantôme de Xanto
15%
Temple du TempsGolgohma, Arachnide Silicieux du Crépuscule
15%
Mine GoronMagmaudit, Créature Pyrogène du Crépuscule
15%
CélestiaPyrodactilus, Ptérosaure Pyrogène du Crépuscule
15%
Château d'HyruleZelda, possédée par Ganondorf
15%
Temple AbyssalCrapaud Mojo
11%
Château d'HyruleGanon, Créature Maléfique
11%
Temple AbyssalOctolacanthe, Poisson Fossile du Crépuscule
11%
CélestiaAéralfos
7%
Tour du JugementFaucheur
7%
Ruines des Pics-BlancsMarteleur
7%
Château d'HyruleLe Roi Bulbin
4%

Distribution des résultats

Percentile par nombre de réponses

% des personnes avec chaque résultat

Votre développement - résultats

Vous n’avez pas pris ce quiz